[Event "Championnat de France - Open D"]
[Site "Pau"]
[Date "2008.08.15"]
[Round "4.2"]
[White "Bastin, Eugene"]
[Black "Souchaud, Raymond"]
[Result "0-1"]
[WhiteElo "1390"]
[BlackElo "1480"]
[PlyCount "78"]

1. c4 c5 2. Nf3 d6 3. g3 e5 4. Nc3 Nf6 5. d3 h6 6. Bg2 Nc6 7. O-O Bd7 8. b3 Qc8
9. Bb2 Be7 10. Nd2 O-O 11. Nde4 Bh3 12. Nxf6+ Bxf6 13. Ne4 Bxg2 14. Kxg2 Be7
15. e3 f5 16. Nc3 f4 17. exf4 exf4 18. Qh5 Rf5 19. Qd1 Bf6 20. Qd2 Bg5 21. f3
fxg3 22. Qd1 gxh2 23. Ne4 Bf4 24. a3 Qe8 25. Kh1 Nd4 26. Bc1 Qh5 27. Ra2 Bxc1
28. Rxh2 Qf7 29. Nxd6 Qf6 30. Nxf5 Bf4 31. Nxd4 Bxh2 32. Nc2 Bf4 33. Qe1 Qg6
34. Qe2 Re8 35. Qg2 Qxd3 36. Re1 Rxe1+ 37. Nxe1 Qxb3 38. Qc2 Qxa3 39. Qe4 Qe3
0-1

[Event "Championnat de France - Open D"]
[Site "Pau"]
[Date "2008.08.15"]
[Round "4.3"]
[White "Karsenty, Madeleine"]
[Black "Billon, Florent"]
[Result "0-1"]
[WhiteElo "1470"]
[BlackElo "1450"]
[PlyCount "54"]

1. d4 d5 2. Nf3 Nf6 3. e3 Nc6 4. c3 Bg4 5. Nbd2 Ne4 6. Bd3 e5 7. Nxe4 dxe4 8.
Bxe4 exd4 9. exd4 Qd7 10. O-O Bd6 11. Qd3 f5 12. Bxc6 Qxc6 13. Re1+ Kd7 14.
Ne5+ Bxe5 15. dxe5+ Ke6 16. Bg5 h6 17. Bc1 Rad8 18. Qe3 g5 19. f3 f4 20. Qe2
Bf5 21. Qf2 b6 22. g3 Rd3 23. gxf4 Rxf3 24. Qd4 Bh3 25. Qd2 gxf4 26. Qe2 Rg8+
27. Kh1 Rf1# 0-1

[Event "Championnat de France - Open D"]
[Site "Pau"]
[Date "2008.08.15"]
[Round "4.4"]
[White "Laudat, Philippe"]
[Black "Boualit, Michael"]
[Result "0-1"]
[WhiteElo "1457"]
[BlackElo "1499"]
[PlyCount "82"]

1. d4 Nf6 2. Bg5 Ne4 3. Bh4 g5 4. f3 gxh4 5. fxe4 Bg7 6. e3 c5 7. Nf3 Nc6 8. c3
e6 9. e5 Bh6 10. e4 Rg8 11. Nbd2 Na5 12. Rg1 b6 13. Bd3 Bb7 14. Qe2 Qe7 15. Nc4
Nxc4 16. Bxc4 Rg4 17. d5 Qf8 18. Nd2 Bxd2+ 19. Kxd2 Qh6+ 20. Kc2 Qg6 21. Bd3 c4
22. Bxc4 Rxe4 23. Qd3 Rxc4 24. Qxg6 hxg6 25. d6 O-O-O 26. Rgf1 Rf8 27. Rf6 Bxg2
28. Rg1 h3 29. Re1 Re4 30. Rd1 Re2+ 31. Kd3 Rxe5 32. Rf4 Rd5+ 33. Rd4 Rxd4+ 34.
Kxd4 f5 35. Ke3 f4+ 36. Kf2 e5 37. Rd5 e4 38. Rd4 Re8 39. Rc4+ Kb8 40. Rc7 e3+
41. Kg1 e2 0-1

[Event "Championnat de France - Open D"]
[Site "Pau"]
[Date "2008.08.15"]
[Round "4.5"]
[White "Ulloa, Philippe"]
[Black "Van Den Abeele, Hendrik"]
[Result "0-1"]
[WhiteElo "1440"]
[BlackElo "1499"]
[PlyCount "82"]

1. d4 d5 2. c4 dxc4 3. e4 b5 4. a4 bxa4 5. Bxc4 e6 6. Bb5+ Bd7 7. Bxa4 Bb4+ 8.
Nc3 a5 9. Nf3 Ne7 10. O-O O-O 11. Bxd7 Nxd7 12. Bf4 Ng6 13. Bg3 c6 14. e5 Nb6
15. Ne2 Nd5 16. Qa4 Rc8 17. Rfc1 Qb6 18. Rc2 Qb5 19. Qb3 Rc7 20. Nc3 Bxc3 21.
Qxb5 cxb5 22. bxc3 Rxc3 23. Rxc3 Nxc3 24. Rxa5 Ne7 25. Kf1 b4 26. Nd2 Ned5 27.
Nb3 g5 28. f3 h5 29. Be1 Rc8 30. Ra1 Kg7 31. Bd2 Kg6 32. h3 f6 33. g4 fxe5 34.
dxe5 Nb5 35. Bc1 Rc3 36. Nd2 b3 37. Ke1 Nd4 38. Kf2 Nf4 39. Bb2 Rc2 40. Bxd4
Rxd2+ 41. Ke3 Re2# 0-1

[Event "Championnat de France - Open D"]
[Site "Pau"]
[Date "2008.08.15"]
[Round "4.6"]
[White "Gac, Jean-Luc"]
[Black "Lallement, Jose"]
[Result "0-1"]
[WhiteElo "1449"]
[BlackElo "1490"]
[PlyCount "108"]

1. e4 c5 2. c3 d6 3. d4 cxd4 4. cxd4 a6 5. Nf3 Bg4 6. Be2 e6 7. O-O Nf6 8. h3
Bh5 9. Bg5 Nbd7 10. Nbd2 Be7 11. e5 Nd5 12. Bxe7 Qxe7 13. Qb3 b5 14. Rac1 O-O
15. Bd3 f5 16. exf6 N7xf6 17. Rfe1 h6 18. Bf5 Bf7 19. Be4 Nxe4 20. Rxe4 Qd7 21.
Nh4 Rfc8 22. Rce1 Qc6 23. Ndf3 Qc2 24. g4 Qxb3 25. axb3 Rc2 26. R1e2 Rac8 27.
g5 Rxe2 28. Rxe2 Nf4 29. Rd2 Nxh3+ 30. Kf1 hxg5 31. Ng2 Bh5 32. Nfe1 Rc1 33.
Rd3 Nf4 34. Nxf4 gxf4 35. f3 Bg6 36. Rd2 Kf7 37. Ke2 Kf6 38. Ng2 Kg5 39. Ne1
Kh4 40. Ng2+ Kg3 41. Ne1 Bf5 42. d5 e5 43. Kf1 Bh3+ 44. Ke2 Bf5 45. Kf1 Bh3+
46. Ke2 g5 47. Rd3 g4 48. fxg4+ Kxg4 49. Rd2 e4 50. Rd4 Kf5 51. Rd2 Bg4+ 52.
Kf1 e3 53. Rd4 Ke5 54. Rb4 Rd1 0-1

[Event "Championnat de France - Open D"]
[Site "Pau"]
[Date "2008.08.15"]
[Round "4.7"]
[White "Nord, Clara"]
[Black "Scherno, Catherine"]
[Result "1-0"]
[WhiteElo "1380"]
[BlackElo "1490"]
[PlyCount "35"]

1. e4 d5 2. Nc3 dxe4 3. Nxe4 e5 4. Nf3 f5 5. Nc3 Bd6 6. Bc4 Nc6 7. d3 Bd7 8.
Ng5 Nd4 9. Nf7 Qe7 10. Nxh8 Ne6 11. Nd5 Qf8 12. Qh5+ g6 13. Qxh7 O-O-O 14. Qxg6
c6 15. Ne3 Nf4 16. Qf7 Qxf7 17. Nxf7 Bc7 18. Nxd8 1-0

[Event "Championnat de France - Open D"]
[Site "Pau"]
[Date "2008.08.15"]
[Round "4.8"]
[White "Ollier, Patrice"]
[Black "Dubois, Remi"]
[Result "1-0"]
[WhiteElo "1460"]
[BlackElo "1220"]
[PlyCount "51"]

1. c4 c5 2. Nc3 d6 3. g3 g6 4. Bg2 Bg7 5. e3 Nf6 6. Nge2 O-O 7. O-O Nc6 8. d4
Bg4 9. d5 Ne5 10. h3 Bd7 11. b3 Bc8 12. Qc2 Re8 13. Nf4 e6 14. dxe6 fxe6 15.
Rd1 Nf7 16. Rb1 a5 17. a3 Qb6 18. a4 e5 19. Nfd5 Nxd5 20. Nxd5 Qd8 21. Bb2 Bf5
22. e4 Bd7 23. Rd3 Rf8 24. Rbd1 Ng5 25. Kh2 Qc8 26. Ne7+ 1-0

[Event "Championnat de France - Open D"]
[Site "Pau"]
[Date "2008.08.15"]
[Round "4.9"]
[White "Monnet, Sebastien"]
[Black "Benezra, David"]
[Result "1-0"]
[WhiteElo "1431"]
[BlackElo "1499"]
[PlyCount "119"]

1. e4 e6 2. d4 a6 3. Nf3 b5 4. c3 c5 5. Qc2 Bb7 6. Be3 Nf6 7. Nbd2 Qb6 8. Be2
Nc6 9. dxc5 Bxc5 10. Bxc5 Qxc5 11. Nb3 Qd6 12. Rd1 Qc7 13. Qd3 Ne5 14. Nxe5
Qxe5 15. f3 O-O 16. Qd6 Qxd6 17. Rxd6 Rfd8 18. Na5 Bc8 19. Nc6 Ne8 20. Ne7+ Kf8
21. Nxc8 Rdxc8 22. Rxd7 Nf6 23. Rd1 Rd8 24. O-O Nh5 25. g3 Re8 26. Rd2 f5 27.
f4 Nf6 28. exf5 exf5 29. Bf3 Ne4 30. Rd4 Rad8 31. Rfd1 Rxd4 32. Rxd4 g6 33.
Bxe4 fxe4 34. Kf2 e3+ 35. Ke2 Re6 36. Rd3 Kf7 37. Rd7+ Kg8 38. Rd5 Kg7 39. Re5
Kf6 40. Rxe6+ Kxe6 41. Kxe3 Kd5 42. g4 h6 43. h4 h5 44. gxh5 gxh5 45. Kd3 Ke6
46. Ke4 Kf6 47. b3 a5 48. c4 a4 49. cxb5 axb3 50. axb3 Ke7 51. Kf5 Kd6 52. Kg6
Kc5 53. f5 Kxb5 54. f6 Kb4 55. f7 Kxb3 56. f8=Q Kc4 57. Qd8 Kc5 58. Kf5 Kc4 59.
Ke5 Kc5 60. Qc7+ 1-0

[Event "Championnat de France - Open D"]
[Site "Pau"]
[Date "2008.08.15"]
[Round "4.10"]
[White "Bonnave, Olivier"]
[Black "Cureau, Christian"]
[Result "1/2-1/2"]
[WhiteElo "1499"]
[BlackElo "1420"]
[PlyCount "140"]

1. e4 e5 2. Nf3 Nf6 3. Nxe5 d6 4. Nf3 Nxe4 5. Bc4 d5 6. Bb3 Bc5 7. d4 Bb6 8.
O-O O-O 9. Nc3 Nxc3 10. bxc3 Re8 11. Re1 c6 12. Bf4 Bg4 13. Qd3 Nd7 14. Rxe8+
Qxe8 15. Re1 Qd8 16. h3 Bh5 17. Qe3 Nf6 18. Bg5 Qe8 19. Bxf6 Qxe3 20. Rxe3 gxf6
21. Nh4 Kf8 22. f4 Bc7 23. g3 Bg6 24. Kf2 Be4 25. Nf3 h5 26. Nd2 f5 27. c4 Rd8
28. cxd5 cxd5 29. c3 b5 30. h4 Kg7 31. Bd1 Kh6 32. Nb3 Bb6 33. Be2 a6 34. Ke1
Rd6 35. Kd2 Re6 36. Bd3 Kg6 37. Nc1 Ba5 38. a3 Rc6 39. Be2 Bc7 40. Na2 Re6 41.
Nb4 Bd8 42. Nd3 Bxd3 43. Bxd3 Be7 44. Rxe6+ fxe6 45. a4 bxa4 46. Bxa6 a3 47.
Kc2 Bd6 48. Kb3 Be7 49. Bd3 Bd6 50. Bb1 Be7 51. Ka4 Kf7 52. Kb5 Ke8 53. Kc6 Kd8
54. Ba2 Kc8 55. c4 dxc4 56. Bxc4 Bb4 57. Bxe6+ Kd8 58. Kb5 Ke7 59. Ba2 Be1 60.
Ka4 Bxg3 61. Kxa3 Bxf4 62. Kb3 Kf6 63. Kb4 Bg3 64. Bd5 f4 65. Be4 Bxh4 66. Kc5
Kg5 67. Bf3 Kh6 68. Kd6 Bg5 69. Ke6 h4 70. Bg4 Kg6 1/2-1/2

[Event "Championnat de France - Open D"]
[Site "Pau"]
[Date "2008.08.16"]
[Round "5.1"]
[White "Roux, Jean-Marie"]
[Black "Souchaud, Raymond"]
[Result "1-0"]
[WhiteElo "1470"]
[BlackElo "1480"]
[PlyCount "95"]

1. e4 e5 2. Nf3 Nc6 3. Nc3 d6 4. Bc4 h6 5. d3 Bg4 6. Be3 Nf6 7. h3 Bh5 8. Qd2
Be7 9. g4 Bg6 10. O-O-O Qd7 11. Kb1 O-O-O 12. Bb5 a6 13. Ba4 Nh7 14. Nd5 Bf6
15. Bb6 Kb8 16. Bxc7+ Ka7 17. Bxd8 Bxd8 18. Qe3+ b6 19. Nb4 Qc7 20. Nxc6+ Kb7
21. Nxd8+ Rxd8 22. Nh4 Nf8 23. Nxg6 Nxg6 24. Bb3 Rc8 25. Bd5+ Ka7 26. Rc1 f6
27. d4 Ne7 28. dxe5 fxe5 29. Rhd1 Ng6 30. Rd3 Qc5 31. Qxc5 dxc5 32. Bc4 b5 33.
Be6 Rc6 34. Bf5 Nf4 35. Rd7+ Kb6 36. Rxg7 Nxh3 37. f3 Ng5 38. Rg6 Rxg6 39. Bxg6
Nxf3 40. Bf5 c4 41. Rh1 Kc5 42. Rxh6 a5 43. Rh5 Kd4 44. g5 Nd2+ 45. Kc1 Nxe4
46. Bxe4 Kxe4 47. g6 Kd4 48. g7 1-0

[Event "Championnat de France - Open D"]
[Site "Pau"]
[Date "2008.08.16"]
[Round "5.3"]
[White "Van Den Abeele, Hendrik"]
[Black "Ollier, Patrice"]
[Result "0-1"]
[WhiteElo "1499"]
[BlackElo "1460"]
[PlyCount "74"]

1. d4 e6 2. c4 Nf6 3. Nc3 Bb4 4. a3 Bxc3+ 5. bxc3 O-O 6. Nf3 b6 7. d5 exd5 8.
cxd5 d6 9. e3 Ba6 10. Bxa6 Nxa6 11. O-O Nc5 12. c4 Nfe4 13. Nd2 Qe7 14. Bb2
Rac8 15. Nf3 c6 16. Qd4 f6 17. dxc6 Kh8 18. Qd5 Nb3 19. Rad1 Qe8 20. Nd4 Nxd4
21. Rxd4 Nc5 22. Qxd6 Rxc6 23. Qg3 Ne4 24. Qf4 Nc5 25. Qf3 Rc8 26. Rfd1 Ne6 27.
Rh4 Ng5 28. Qf5 Qa4 29. Re1 Rxc4 30. f4 Rc5 31. Qd3 Ne4 32. Bd4 Qc2 33. Qxc2
Rxc2 34. Ra1 Rfc8 35. h3 Rd2 36. f5 Ng3 37. Rf4 Rcc2 0-1

[Event "Championnat de France - Open D"]
[Site "Pau"]
[Date "2008.08.16"]
[Round "5.4"]
[White "Lallement, Jose"]
[Black "Nord, Clara"]
[Result "1-0"]
[WhiteElo "1490"]
[BlackElo "1380"]
[PlyCount "63"]

1. d4 Nf6 2. Nf3 e6 3. c4 Bb4+ 4. Nc3 b6 5. Bg5 Bb7 6. e3 h6 7. Bh4 Qe7 8. Be2
O-O 9. O-O Bxc3 10. bxc3 d6 11. Qb3 Nbd7 12. Rfd1 c5 13. d5 Rab8 14. a4 Ba6 15.
Kf1 Qe8 16. Qc2 exd5 17. cxd5 Bb7 18. c4 Nh5 19. h3 g5 20. Nxg5 hxg5 21. Bxg5
Qe5 22. f4 Qh8 23. Kf2 Nhf6 24. Rh1 Rfe8 25. Bf3 Kf8 26. h4 Nh7 27. Bh6+ Kg8
28. Qf5 Ndf6 29. e4 Re7 30. e5 dxe5 31. fxe5 Rxe5 32. Qd3 {tombe tombe} 1-0

[Event "Championnat de France - Open D"]
[Site "Pau"]
[Date "2008.08.16"]
[Round "5.5"]
[White "Delzant, Pierre-Richard"]
[Black "Parisot, Anthony"]
[Result "0-1"]
[WhiteElo "1440"]
[BlackElo "1490"]
[PlyCount "90"]

1. Nf3 Nf6 2. g3 g6 3. b4 a5 4. b5 Bg7 5. Bb2 O-O 6. Bg2 d5 7. O-O c5 8. bxc6
Nxc6 9. d3 e6 10. c4 dxc4 11. dxc4 Rb8 12. Nc3 Nd7 13. Rb1 Nc5 14. a3 b6 15.
Qc2 Ba6 16. Rfd1 Qe7 17. Nb5 Rfd8 18. Bxg7 Kxg7 19. e3 Rxd1+ 20. Rxd1 Rd8 21.
Nfd4 Nxd4 22. Nxd4 Bb7 23. Nc6 Rxd1+ 24. Qxd1 Qc7 25. Nd4 Bxg2 26. Kxg2 Qd6 27.
Qa1 Kf8 28. f3 e5 29. Nb5 Qd2+ 30. Kh3 Qxe3 31. Qc3 Qxc3 32. Nxc3 Nd7 33. Nd5
f6 34. Kg2 Kf7 35. Kf2 Ke6 36. Ke3 f5 37. h4 h5 38. Nc7+ Kd6 39. Nb5+ Kc5 40.
Nc7 Kxc4 41. Ne6 b5 42. f4 e4 43. Nd4 b4 44. axb4 axb4 45. Nc2 Kc3 0-1

[Event "Championnat de France - Open D"]
[Site "Pau"]
[Date "2008.08.16"]
[Round "5.6"]
[White "Wolfangel, Jocelyne"]
[Black "Marquet, Didier"]
[Result "1-0"]
[WhiteElo "1440"]
[BlackElo "1486"]
[PlyCount "83"]

1. d4 d5 2. c4 Nf6 3. cxd5 Nxd5 4. e4 Nb6 5. Nc3 e6 6. a3 Be7 7. Nf3 Bd7 8. Be2
O-O 9. O-O h6 10. a4 Nc8 11. Ne5 Nc6 12. Nxd7 Qxd7 13. Be3 a6 14. f4 f5 15. d5
Nd8 16. dxe6 Qxd1 17. Raxd1 Nxe6 18. Bc4 Nd6 19. Bxe6+ Kh8 20. e5 Ne4 21. Nxe4
fxe4 22. Bd5 c6 23. Bxe4 Rad8 24. Bc2 c5 25. Rxd8 Rxd8 26. Rd1 b6 27. Rxd8+
Bxd8 28. b3 a5 29. Bd3 Kg8 30. Kf2 Kf7 31. Kf3 g6 32. Bc4+ Kg7 33. g4 Bc7 34.
Ke4 Bd8 35. h3 Kf8 36. Kd5 Ke7 37. f5 Kf7 38. Bxh6 g5 39. Kd6+ Ke8 40. Bb5+ Kf7
41. Kd7 Be7 42. Bc4# 1-0

[Event "Championnat de France - Open D"]
[Site "Pau"]
[Date "2008.08.16"]
[Round "5.7"]
[White "Monnet, Sebastien"]
[Black "Trocme, Jacques"]
[Result "1-0"]
[WhiteElo "1431"]
[BlackElo "1480"]
[PlyCount "113"]

1. e4 d6 2. f4 g6 3. Bc4 Bg7 4. Nc3 a6 5. Nf3 h6 6. Qe2 b5 7. Bb3 Bb7 8. d3 Nd7
9. Be3 e6 10. O-O Ne7 11. g4 c5 12. a3 Qc7 13. f5 Nf6 14. fxe6 fxe6 15. Bxe6
Bc8 16. Bxc8 Qxc8 17. h3 O-O 18. Qh2 Qe6 19. Rae1 Rad8 20. Ne2 g5 21. Ng3 a5
22. b3 Kf7 23. Bxg5 Ke8 24. Bd2 b4 25. a4 Rg8 26. Nh4 Nxg4 27. hxg4 Qxg4 28.
Rf4 Bd4+ 29. Kg2 Qg7 30. Qh3 Rd7 31. Ref1 Be5 32. R4f3 d5 33. Nhf5 Nxf5 34.
exf5 Qf6 35. Re1 Kd8 36. Qxh6 Re7 37. Qxf6 Bxf6 38. Rxe7 Kxe7 39. Bf4 Kd7 40.
Re3 Be7 41. Kf3 Rh8 42. Be5 Rf8 43. Kg4 d4 44. Re2 Re8 45. f6 Bf8 46. Kf5 Re6
47. Kg6 Ra6 48. Ne4 Rc6 49. Rh2 c4 50. dxc4 Re6 51. Kf5 Re8 52. Bxd4 Rd8 53.
Nc5+ Bxc5 54. Bxc5 Kc6 55. Be7 Rd1 56. Rf2 Rh1 57. f7 1-0

[Event "Championnat de France - Open D"]
[Site "Pau"]
[Date "2008.08.16"]
[Round "5.8"]
[White "Baudet, Joel"]
[Black "Karsenty, Madeleine"]
[Result "1/2-1/2"]
[WhiteElo "1340"]
[BlackElo "1470"]
[PlyCount "120"]

1. c4 e5 2. g3 Nf6 3. Bg2 c6 4. d3 Bb4+ 5. Bd2 Bxd2+ 6. Qxd2 O-O 7. Nc3 d6 8.
Nf3 Bf5 9. e4 Be6 10. Ng5 Nbd7 11. Nxe6 fxe6 12. O-O a6 13. b3 b5 14. cxb5 cxb5
15. d4 Rb8 16. dxe5 Nxe5 17. Rad1 Ne8 18. f4 Qb6+ 19. Kh1 Ng4 20. Rf3 Rd8 21.
Qd4 Qxd4 22. Rxd4 Nef6 23. e5 dxe5 24. Rxd8 Rxd8 25. h3 e4 26. Rf1 Ne3 27. Re1
Nxg2 28. Kxg2 Rd2+ 29. Re2 Rxe2+ 30. Nxe2 b4 31. Kf2 Kf7 32. Ke3 Ke7 33. Kd4
Kd6 34. g4 h6 35. Ng3 g6 36. Nxe4+ Nxe4 37. Kxe4 a5 38. h4 h5 39. gxh5 gxh5 40.
f5 exf5+ 41. Kxf5 Kd5 42. Kg5 Kd4 43. Kxh5 Kc3 44. Kg5 Kb2 45. h5 Kxa2 46. h6
a4 47. bxa4 b3 48. h7 b2 49. h8=Q b1=Q 50. Qg8+ Ka3 51. Qf8+ Kxa4 52. Qa8+ Kb3
53. Kf4 Qc1+ 54. Ke5 Qc5+ 55. Kf4 Qd4+ 56. Kg3 Qe3+ 57. Kh2 Qf2+ 58. Kh1 Qh4+
59. Kg1 Qg3+ 60. Kf1 Qh3+ 1/2-1/2

[Event "Championnat de France - Open D"]
[Site "Pau"]
[Date "2008.08.16"]
[Round "5.9"]
[White "Sanchez, Amelie"]
[Black "Buclon, Francois"]
[Result "1-0"]
[WhiteElo "1470"]
[BlackElo "1410"]
[PlyCount "49"]

1. e4 e5 2. Nf3 Nc6 3. Bc4 Nf6 4. Ng5 d5 5. exd5 Na5 6. Bb5+ c6 7. dxc6 Nxc6 8.
d3 h6 9. Nf3 e4 10. Qe2 Qe7 11. dxe4 Qxe4 12. Qxe4+ Nxe4 13. Ne5 Bd7 14. Nxd7
Kxd7 15. O-O Bc5 16. Nd2 f5 17. Nf3 a6 18. Bxc6+ Kxc6 19. Be3 Bxe3 20. fxe3
Rhf8 21. Nd4+ Kb6 22. Rxf5 Nd6 23. Rf3 Ka7 24. Raf1 Nc4 25. Rxf8 1-0

[Event "Championnat de France - Open D"]
[Site "Pau"]
[Date "2008.08.16"]
[Round "5.10"]
[White "Villanove, Jean-Francois"]
[Black "Sanchez, Remi"]
[Result "0-1"]
[WhiteElo "1460"]
[BlackElo "1400"]
[PlyCount "92"]

1. g3 d5 2. Bg2 c5 3. Nf3 Nc6 4. e3 e5 5. d3 Nf6 6. O-O Bd6 7. c3 Bg4 8. Nbd2
c4 9. h3 Bh5 10. Qc2 cxd3 11. Qb3 Qc7 12. g4 Bg6 13. Nh4 e4 14. Nxg6 hxg6 15.
g5 Na5 16. Qd1 Nh5 17. Qg4 b5 18. Nxe4 dxe4 19. Qxe4+ Kd7 20. Qxd3 Rab8 21. e4
Ke7 22. Qd5 Rhd8 23. e5 Bxe5 24. Qf3 Nf4 25. Bxf4 Bxf4 26. Rfe1+ Kf8 27. Re4
Bxg5 28. Rae1 Nc4 29. R1e2 Nd2 30. Rxd2 Rxd2 31. h4 Bf6 32. Qh3 Rbd8 33. h5 Qd7
34. Qh1 Qf5 35. Bf3 Qxe4 36. Qh3 R8d3 37. Qc8+ Qe8 38. Qc5+ Be7 39. Qe5 Rxf3
40. h6 Bf6 41. hxg7+ Bxg7 42. Qc5+ Qe7 43. Qc8+ Rd8 44. Qc6 Rf5 45. Kg2 Rg5+
46. Kh3 Qe6+ 0-1

[Event "Championnat de France - Open D"]
[Site "Pau"]
[Date "2008.08.17"]
[Round "6.1"]
[White "Roux, Jean-Marie"]
[Black "Billon, Florent"]
[Result "0-1"]
[WhiteElo "1470"]
[BlackElo "1450"]
[PlyCount "54"]

1. e4 e5 2. Nf3 Nc6 3. Nc3 Nf6 4. Bc4 Bc5 5. d3 d6 6. Bg5 h6 7. Bh4 g5 8. Bxg5
hxg5 9. Nxg5 Be6 10. Nxe6 fxe6 11. Bxe6 Nd4 12. Bc4 Qd7 13. Qd2 O-O-O 14. O-O-O
Ng4 15. Rdf1 Nxh2 16. Re1 Ng4 17. Kb1 Qg7 18. f3 Rxh1 19. Rxh1 Nf6 20. Bd5 c6
21. Bc4 Rh8 22. Rf1 Rh2 23. Na4 Rxg2 24. Qa5 Rg1 25. Rc1 Rxc1+ 26. Kxc1 Qg1+
27. Kd2 Qf2+ 0-1

[Event "Championnat de France - Open D"]
[Site "Pau"]
[Date "2008.08.17"]
[Round "6.3"]
[White "Parisot, Anthony"]
[Black "Wolfangel, Jocelyne"]
[Result "1-0"]
[WhiteElo "1490"]
[BlackElo "1440"]
[PlyCount "128"]

1. Nf3 Nf6 2. d4 d5 3. c4 e6 4. Bg5 Be7 5. Nc3 O-O 6. e3 Nbd7 7. Bd3 dxc4 8.
Bxc4 Nb6 9. Bb3 Nbd5 10. Qd3 Nb4 11. Qd1 b6 12. O-O Bb7 13. a3 Nbd5 14. Rc1
Nxc3 15. Rxc3 Ne4 16. Bxe7 Nxc3 17. Bxd8 Nxd1 18. Be7 Rfe8 19. Bb4 Nxb2 20. Rb1
Nd3 21. Bc3 Be4 22. Nd2 Bg6 23. Bc2 Nf4 24. Bxg6 Nxg6 25. Nf3 f6 26. h4 Ne7 27.
Kf1 Nd5 28. Bb2 Rac8 29. e4 Nf4 30. g3 Nd3 31. Ba1 c5 32. Ke2 c4 33. Ne1 Nxe1
34. Kxe1 Red8 35. Bc3 Rd7 36. Ke2 Kf7 37. Ke3 g6 38. f4 f5 39. e5 Rb7 40. Kd2
a6 41. Kc2 Rcb8 42. Kb2 b5 43. Ka2 Ke8 44. Bb4 Rc8 45. Bc5 Rxc5 46. dxc5 Rc7
47. Rd1 Rd7 48. Rd6 Rxd6 49. exd6 Kd7 50. Kb2 a5 51. Kc3 Kc6 52. a4 bxa4 53.
Kxc4 h6 54. Kc3 Kd7 55. Kb2 Kc6 56. Ka3 Kd7 57. Kxa4 Kc6 58. Kxa5 Kd7 59. Ka6
Kc6 60. Ka7 Kd7 61. Kb7 Kd8 62. Kc6 Kc8 63. d7+ Kd8 64. Kd6 h5 1-0

[Event "Championnat de France - Open D"]
[Site "Pau"]
[Date "2008.08.17"]
[Round "6.4"]
[White "Souchaud, Raymond"]
[Black "Monnet, Sebastien"]
[Result "0-1"]
[WhiteElo "1480"]
[BlackElo "1431"]
[PlyCount "102"]

1. Nf3 Nf6 2. d4 d5 3. Nc3 c6 4. h3 Bf5 5. e3 Nbd7 6. Bd3 Bxd3 7. Qxd3 Qc7 8.
O-O e5 9. dxe5 Nxe5 10. Nxe5 Qxe5 11. Bd2 Bd6 12. f4 Qh5 13. Rae1 O-O-O 14. e4
Bc5+ 15. Be3 dxe4 16. Qe2 Qxe2 17. Rxe2 Bxe3+ 18. Rxe3 Rhe8 19. Rfe1 Rd4 20.
Ne2 Rd2 21. Rc1 Nd5 22. Kf2 Nxe3 23. Kxe3 Rdd8 24. Ng3 g6 25. f5 Rd5 26. c4
Rd3+ 27. Kf4 Rd2 28. Nxe4 Rd4 29. Re1 Rxc4 30. b3 Rd4 31. g4 Kc7 32. Re3 b6 33.
h4 c5 34. Kf3 gxf5 35. gxf5 Kc6 36. h5 Re5 37. h6 Rxf5+ 38. Ke2 Rh5 39. Ng3
Rhd5 40. Nf1 Kd6 41. Rg3 Re4+ 42. Ne3 Rde5 43. Kf2 Rxe3 44. Rg7 Ke6 45. Rxh7
Rh3 46. Rh8 Kf6 47. h7 Kg7 48. Rg8+ Kxh7 49. Ra8 Re7 50. Kg2 Rc3 51. Rd8 Re2+
0-1

[Event "Championnat de France - Open D"]
[Site "Pau"]
[Date "2008.08.17"]
[Round "6.5"]
[White "Sanchez, Remi"]
[Black "Sanchez, Amelie"]
[Result "0-1"]
[WhiteElo "1400"]
[BlackElo "1470"]
[PlyCount "128"]

1. d4 Nf6 2. c4 g6 3. Nc3 Bg7 4. Bg5 c6 5. e4 d6 6. Nf3 O-O 7. Qd2 Re8 8. Bd3
Qc7 9. O-O-O Nfd7 10. Bh6 f6 11. h4 c5 12. d5 Ne5 13. Nxe5 dxe5 14. h5 g5 15.
Bxg7 Kxg7 16. h6+ Kf7 17. Be2 Rg8 18. Bh5+ Kf8 19. d6 Qd7 20. Bg4 Qxg4 21.
dxe7+ Kxe7 22. Nd5+ Kf7 23. Nc7 Qxe4 24. Qd5+ Qxd5 25. Rxd5 Be6 26. Rd6 Bf5 27.
Nxa8 Na6 28. Nb6 axb6 29. Rxb6 Be4 30. f3 Bc6 31. a3 Rb8 32. Rb3 Rd8 33. Rc3 e4
34. fxe4 Bxe4 35. Rh2 Rd4 36. b3 Rd3 37. Rxd3 Bxd3 38. Kb2 Be4 39. g3 Kg6 40.
Kc3 Nc7 41. b4 cxb4+ 42. Kxb4 f5 43. Kc5 Na6+ 44. Kb6 Kf6 45. Rf2 Ke5 46. Rd2
Ke6 47. a4 Nb8 48. c5 Nd7+ 49. Kb5 Bc6+ 50. Kb4 Kf7 51. Rd6 Ne5 52. a5 Be4 53.
Kb5 Bd3+ 54. Kb6 Nc4+ 55. Kxb7 Nxa5+ 56. Kb6 Nc4+ 57. Kc6 Nxd6 58. cxd6 Ke8 59.
d7+ Kd8 60. Kd6 Bb5 61. Ke6 Bxd7+ 62. Kf6 f4 63. Kg7 Bf5 64. gxf4 gxf4 0-1

[Event "Championnat de France - Open D"]
[Site "Pau"]
[Date "2008.08.17"]
[Round "6.6"]
[White "Bonnave, Olivier"]
[Black "Nord, Clara"]
[Result "1-0"]
[WhiteElo "1499"]
[BlackElo "1380"]
[PlyCount "97"]

1. e4 e5 2. Nf3 d6 3. Nc3 Nf6 4. d4 exd4 5. Nxd4 Be7 6. Be3 O-O 7. Bc4 Nbd7 8.
f3 Ne5 9. Bb3 Bd7 10. Qd2 c5 11. Nde2 Qe8 12. a3 a6 13. O-O-O Bb5 14. Nf4 Nc4
15. Bxc4 Bxc4 16. b3 Bb5 17. Nfd5 Bd8 18. Bf4 Nxd5 19. Nxd5 Be7 20. Nc7 Qc6 21.
Nxa8 Rxa8 22. Qd5 Qd7 23. Bxd6 Be2 24. Rd2 Bb5 25. Bxe7 Qxe7 26. Rhd1 h6 27. c4
Bc6 28. Qf5 g6 29. Qf4 Kh7 30. h4 Qf8 31. Qf6 Kg8 32. Rd8 Rxd8 33. Rxd8 Be8 34.
Qe5 Qg7 35. Rxe8+ Kh7 36. Qxg7+ Kxg7 37. Rb8 Kf6 38. Rxb7 h5 39. Rc7 g5 40.
hxg5+ Kxg5 41. Rxc5+ Kg6 42. Rf5 a5 43. c5 h4 44. c6 f6 45. c7 a4 46. c8=Q axb3
47. Qg8+ Kh6 48. Rxf6+ Kh5 49. Qg4# 1-0

[Event "Championnat de France - Open D"]
[Site "Pau"]
[Date "2008.08.17"]
[Round "6.7"]
[White "Boualit, Michael"]
[Black "Baudet, Joel"]
[Result "1-0"]
[WhiteElo "1499"]
[BlackElo "1340"]
[PlyCount "60"]

1. d4 e6 2. Bf4 d5 3. e3 Bd6 4. Bxd6 Qxd6 5. Qg4 g6 6. Nd2 Nf6 7. Qg3 Qxg3 8.
hxg3 O-O 9. Be2 h5 10. f3 Kg7 11. g4 hxg4 12. fxg4 Nh7 13. Ngf3 f6 14. O-O-O
Nc6 15. Rh3 e5 16. Rdh1 Rh8 17. dxe5 fxe5 18. Ng5 Nxg5 19. Rxh8 Ne7 20. Nf3 Nf7
21. R8h7+ Kf6 22. g5+ Ke6 23. c4 c6 24. Bd3 e4 25. Nd4+ Kd6 26. Rxf7 exd3 27.
c5+ Kxc5 28. Rxe7 Kb6 29. b4 a6 30. Kd2 Ka7 1-0

[Event "Championnat de France - Open D"]
[Site "Pau"]
[Date "2008.08.17"]
[Round "6.8"]
[White "Gac, Jean-Luc"]
[Black "Juffin, Dominique"]
[Result "1-0"]
[WhiteElo "1449"]
[BlackElo "1499"]
[PlyCount "126"]

1. e4 d5 2. exd5 Qxd5 3. Nc3 Qa5 4. d4 Nf6 5. Bd2 c6 6. Nf3 Bg4 7. Be2 e6 8.
Ne4 Qc7 9. Nxf6+ gxf6 10. Qc1 h5 11. Bf4 Bd6 12. Bxd6 Qxd6 13. Qd2 Nd7 14.
O-O-O O-O-O 15. Rhe1 Nb6 16. h3 Bf5 17. Bd3 Bg6 18. Qa5 Kb8 19. Re2 Qc7 20.
Bxg6 fxg6 21. Rxe6 Rd5 22. Qe1 Qf7 23. Re7 Qf8 24. Kb1 Rd8 25. Qe6 Nc8 26. Rf7
Qb4 27. Qxf6 Rhg8 28. Qf4+ Ka8 29. Qd2 Qb5 30. Qd3 Qb6 31. Qb3 Qa6 32. Qd3 Qb6
33. Ng5 Nd6 34. Rf6 Nb5 35. Nf3 Rd6 36. Rxd6 Nxd6 37. Qb3 Qxb3 38. axb3 Re8 39.
Re1 Re4 40. Kc1 g5 41. Kd2 g4 42. hxg4 hxg4 43. Rh1 gxf3 44. Rh8+ Re8 45. Rxe8+
Nxe8 46. g4 Ng7 47. Ke3 Kb8 48. Kxf3 Kc7 49. Ke4 Kd6 50. f4 b5 51. b4 Ne6 52.
f5 Ng5+ 53. Kf4 Nh3+ 54. Kg3 Ng5 55. c3 Kd5 56. Kh4 Nf3+ 57. Kh5 Kc4 58. f6 Kb3
59. f7 Kxb2 60. f8=Q Nd2 61. Qc5 a6 62. Qxc6 Nc4 63. Qxa6 Kxc3 1-0

[Event "Championnat de France - Open D"]
[Site "Pau"]
[Date "2008.08.17"]
[Round "6.9"]
[White "Laudat, Philippe"]
[Black "Van Den Abeele, Hendrik"]
[Result "1-0"]
[WhiteElo "1457"]
[BlackElo "1499"]
[PlyCount "109"]

1. d4 d5 2. Bf4 Nf6 3. e3 Bf5 4. Bd3 Be4 5. Bxe4 Nxe4 6. Nd2 Nf6 7. Qe2 e6 8.
Qb5+ Nbd7 9. Qxb7 Bd6 10. Bxd6 cxd6 11. Qb3 O-O 12. Ngf3 a5 13. c3 a4 14. Qc2
e5 15. O-O Re8 16. Kh1 Nb6 17. Ng1 Nh5 18. Qd1 Nf6 19. Ne2 Ng4 20. Nf3 f5 21.
Nd2 Qh4 22. h3 Nxf2+ 23. Rxf2 Qxf2 24. Nf1 Nc4 25. Neg3 f4 26. dxe5 Rxe5 27.
exf4 Qxf4 28. Qc2 h5 29. Qg6 Qg5 30. Qc2 h4 31. Ne2 Rae8 32. Nd4 Re1 33. Nf3
Ne3 34. Rxe1 Qf4 35. Nxe3 Rxe3 36. Rxe3 Qxe3 37. Qd2 Qe4 38. b3 axb3 39. axb3
Qb1+ 40. Qe1 Qxb3 41. Ng5 g6 42. Qe7 Qb1+ 43. Kh2 Qf5 44. Qe6+ Kg7 45. Qxf5
gxf5 46. Nf3 Kg6 47. Kg1 f4 48. Kf1 Kf5 49. Ke2 Ke4 50. Kd2 Kf5 51. Kd3 Ke6 52.
Nxh4 Ke5 53. Nf3+ Kf5 54. Kd4 Kf6 55. Kxd5 1-0